| 000 | 02422nam a2200493 4500 | ||
|---|---|---|---|
| 003 | DO-SdBNP | ||
| 005 | 20250520140417.0 | ||
| 007 | ta | ||
| 008 | 220204b1975 ag a|||e |||| 001 0 spa d | ||
| 040 |
_aDO-SdBNP _bspa _cBNPHU |
||
| 082 | 4 |
_a370.15 _bC536p _222 |
|
| 100 | 1 |
_aChild, Dennis _981141 |
|
| 240 | 1 |
_aPsychology and the teacher _lEspañol |
|
| 245 | 1 | 0 |
_aPsicología para los docentes / _cDennis Child ; |
| 260 |
_aBuenos Aires, Argentina : _bKapelusz, _c1975. |
||
| 300 |
_a447 p. : _bil. , grafcs. ; _c23 cm. |
||
| 490 | 1 | _aBiblioteca de cultura pedagógica | |
| 500 | _aIncluye bibliografía al final de los capítulos | ||
| 500 | _aIncluye notas al pie de las páginas | ||
| 505 | 0 |
_a1. La psicología y la educación -- _t2. El sistema nervioso y el cerebro -- _t3. La motivación humana -- _t4. La atención y la percepción -- _t5. La formación y obtención de conceptos -- _tTeoría y práctica del aprendizaje -- _tAprendizaje, retención y recuerdo -- _tLenguaje y pensamiento -- _tLa inteligencia humana -- _tEl pensamiento creativo-- _tLa personalidad -- _tImpedimento educacional -- _tEvaluación educacional -- _tLa estandarización y el análisis de ítems -- _tDesarrollo y orientación profesionales -- _tEl currículo -- _tInvestigación psicológica y educación. |
|
| 505 | 0 | _a2. El sistema nervioso y el cerebro -- | |
| 505 | 0 | _a3. La motivación humana -- | |
| 505 | 0 | _a4. La atención y la percepción -- | |
| 505 | _a5. La formación y obteción de conceptos -- | ||
| 505 | _a6. Teoría y práctica del aprendizaje -- | ||
| 505 | _a7. Aprendizaje, retención y recuerdo -- | ||
| 505 | _a8. Lenguaje y pensamiento -- | ||
| 505 | _a9. La inteligencia humana -- | ||
| 505 | _a10. El pensamiento creativo -- | ||
| 505 | _a11. La personalidad -- | ||
| 505 | _a12. Impedimento educacional -- | ||
| 505 | _a13. Evaluación educativa -- | ||
| 505 | _a14. La estandarización y el análisis de items -- | ||
| 505 | _a15. Desarrollo y orientación profesionales -- | ||
| 505 | _a16. El currículo -- | ||
| 505 | _a17. Investigación psicológica y educación . | ||
| 590 | _aInventariado, 2022 / SA | ||
| 650 | 4 |
_aPsicología de la educación _981142 |
|
| 650 | 0 |
_aPsicología infantil _92718 |
|
| 700 | 1 |
_949561 _aThomas, Juan Jorge _etr. |
|
| 830 | 0 | _aBiblioteca de cultura pedagógica | |
| 910 | _aSaquino/Validad. Control de calidad MFF | ||
| 942 |
_2ddc _cLBS1 |
||
| 999 |
_c51343 _d51343 |
||